<?xml version="1.0" encoding="UTF-8"?>
<record
    xmlns:xsi="http://www.w3.org/2001/XMLSchema-instance"
    xsi:schemaLocation="http://www.loc.gov/MARC21/slim http://www.loc.gov/standards/marcxml/schema/MARC21slim.xsd"
    xmlns="http://www.loc.gov/MARC21/slim">

  <leader>01075nam a2200313   4500</leader>
  <controlfield tag="001">NYPG92-B71369</controlfield>
  <controlfield tag="005">20000629181822.0</controlfield>
  <controlfield tag="008">921106s1971    enkacf        001 0 eng  </controlfield>
  <datafield tag="010" ind1=" " ind2=" ">
    <subfield code="a">72175262</subfield>
  </datafield>
  <datafield tag="015" ind1=" " ind2=" ">
    <subfield code="a">B71-30722</subfield>
  </datafield>
  <datafield tag="020" ind1=" " ind2=" ">
    <subfield code="a">0283978112</subfield>
  </datafield>
  <datafield tag="035" ind1=" " ind2=" ">
    <subfield code="a">(WaOLN)nyp1648654</subfield>
  </datafield>
  <datafield tag="040" ind1=" " ind2=" ">
    <subfield code="d">WaOLN</subfield>
  </datafield>
  <datafield tag="041" ind1="1" ind2=" ">
    <subfield code="a">engger</subfield>
  </datafield>
  <datafield tag="043" ind1=" " ind2=" ">
    <subfield code="a">e-gx---</subfield>
    <subfield code="a">e-uk-en</subfield>
  </datafield>
  <datafield tag="050" ind1="0" ind2="0">
    <subfield code="a">CS629</subfield>
    <subfield code="b">.B66 1971</subfield>
  </datafield>
  <datafield tag="100" ind1="1" ind2=" ">
    <subfield code="a">Leibholz-Bonhoeffer, Sabine,</subfield>
    <subfield code="d">1906-</subfield>
  </datafield>
  <datafield tag="245" ind1="1" ind2="4">
    <subfield code="a">The Bonhoeffers:</subfield>
    <subfield code="b"> portrait of a family.</subfield>
  </datafield>
  <datafield tag="260" ind1=" " ind2=" ">
    <subfield code="a">Chicago</subfield>
    <subfield code="b">Covenant Publications</subfield>
    <subfield code="c">1994</subfield>
  </datafield>
  <datafield tag="300" ind1=" " ind2=" ">
    <subfield code="a">xviii, 203 p., 8 plates.</subfield>
    <subfield code="b">illus., ports.</subfield>
    <subfield code="c">23 cm.</subfield>
  </datafield>
  <datafield tag="500" ind1=" " ind2=" ">
    <subfield code="a">Originally published in 1968 under title: Vergangen, erlebt, &#xFC;berwunden.</subfield>
  </datafield>
  <datafield tag="600" ind1="3" ind2="0">
    <subfield code="a">Bonhoeffer family.</subfield>
  </datafield>
  <datafield tag="942" ind1=" " ind2=" ">
    <subfield code="2">lcc</subfield>
    <subfield code="c">BK</subfield>
  </datafield>
  <datafield tag="949" ind1=" " ind2="1">
    <subfield code="a">JFD 92-12188</subfield>
    <subfield code="i">33433040983227</subfield>
    <subfield code="l">hg</subfield>
    <subfield code="s">-</subfield>
    <subfield code="t">2</subfield>
    <subfield code="z">950</subfield>
  </datafield>
  <datafield tag="998" ind1=" " ind2=" ">
    <subfield code="d">11/06/92</subfield>
    <subfield code="c">NMN</subfield>
    <subfield code="b">VJD</subfield>
  </datafield>
  <datafield tag="999" ind1=" " ind2=" ">
    <subfield code="c">34733</subfield>
    <subfield code="d">34733</subfield>
  </datafield>
  <datafield tag="952" ind1=" " ind2=" ">
    <subfield code="0">0</subfield>
    <subfield code="1">0</subfield>
    <subfield code="2">lcc</subfield>
    <subfield code="4">0</subfield>
    <subfield code="7">0</subfield>
    <subfield code="8">NFIC</subfield>
    <subfield code="a">BOM</subfield>
    <subfield code="b">BOM</subfield>
    <subfield code="c">GEN</subfield>
    <subfield code="d">2009-05-13</subfield>
    <subfield code="l">0</subfield>
    <subfield code="o">CS629 .B66 1971</subfield>
    <subfield code="p">005991</subfield>
    <subfield code="w">2009-05-13</subfield>
    <subfield code="y">BK</subfield>
  </datafield>
</record>
